Normal view
MARC view
- Khan,Malik Zarbakht & Tareen,Mubashir Zaman Khan
Entry Personal Name
001 - CONTROL NUMBER
- control field: 4885
003 - CONTROL NUMBER IDENTIFIER
- control field: NUST
005 - DATE AND TIME OF LATEST TRANSACTION
- control field: 20170922133256.0
008 - FIXED-LENGTH DATA ELEMENTS
- fixed length control field: 170922|| aca||aabn | a|a d
040 ## - CATALOGING SOURCE
- Original cataloging agency: NUST
- Transcribing agency: NUST
100 ## - HEADING--PERSONAL NAME
- Personal name: Khan,Malik Zarbakht & Tareen,Mubashir Zaman Khan
670 ## - SOURCE DATA FOUND
- Source citation: Work cat.: (NUST): Khan,Malik Zarbakht & Tareen,Mubashir Zaman Khan, Determinants of retirement planning in pakistan, 2017
